[Event "Landesliga Nord 9596"]
[Site "Bayern"]
[Date "1995.??.??"]
[Round "?"]
[White "Gerstorfer, Werner"]
[Black "Koepf, Reinhard"]
[Result "1/2-1/2"]
[WhiteElo "2000"]
[BlackElo "1905"]
[PlyCount "76"]
[EventDate "1995.10.??"]
[EventType "team-tourn"]
[EventRounds "9"]
[EventCountry "GER"]
[SourceTitle "EXT 2020"]
[Source "ChessBase"]
[SourceDate "2019.10.17"]
[SourceVersion "1"]
[SourceVersionDate "2019.10.17"]
[SourceQuality "1"]
[WhiteTeam "Cham"]
[BlackTeam "Nuernberg Grundig SC"]
[WhiteTeamCountry "GER"]
[BlackTeamCountry "GER"]

1. Nf3 f5 2. e4 fxe4 3. Ng5 Nf6 4. d3 e5 5. Nxe4 d5 6. Ng3 Bc5 7. Be2 0-0 8. 0-0 Be6 9. Nd2 Nc6 10. c3 Qd7 11. Nb3 Bb6 12. d4 exd4 13. cxd4 Ne7 14. Bd2 Nf5 15. Nxf5 Bxf5 16. Bf4 c6 17. Rc1 Bc7 18. Nc5 Qf7 19. Bxc7 Qxc7 20. Nd3 Rae8 21. Ne5 Nd7 22. Nxd7 Qxd7 23. Bd3 Bxd3 24. Qxd3 Re4 25. Rce1 Rfe8 26. Rxe4 Rxe4 27. f3 Re6 28. Kf2 Qe7 29. g3 b6 30. Qd2 Rh6 31. h4 c5 32. Re1 Re6 33. Rxe6 Qxe6 34. Qf4 Qe7 35. Qf5 Qd6 36. Qc8+ Kf7 37. Qf5+ Kg8 38. Qc8+ Kf7 1/2-1/2